000 00738nas a2200253 4500
001 BR2014003951
003 BR-BrBNA
005 20231205124335.0
007 ta
008 230509b bl.|||p| |||| 00| 00por d
040 _aBR-BrBNA
_bpor
_cBiblioteca Nacional de Agricultura
041 _a(Pt)
072 _aN20; F06
100 1 _aPrado, G. do
100 1 _aColombo, A.
245 1 _aCaracterização técnica do aspersor Plona-RL300
650 _aEQUIPAMENTO AGRÍCOLA
650 _aIRRIGAÇÃO POR ASPERSÃO
650 _aHIDRÁULICA
650 _aPRESSÃO
773 0 _tIrriga (Brazil)
_xISSN 1808-3765
_g(Jan-Apr 2005), V. 10(1) p. 53-63
_wBR2014003951
909 _a202311
_bLúcia
_c55
_dLúcia Elande
942 _2AGRIS
_n0
_cANA
999 _c238564
_d238564